Changing perspective : (Record no. 84272)

MARC details
000 -LEADER
fixed length control field 00575nam a22001937a 4500
005 - DATE AND TIME OF LATEST TRANSACTION
control field 20140805112456.0
010 ## - LCCN (DPL NO)
LC control number ENG-110014
020 ## - INTERNATIONAL STANDARD BOOK NUMBER
Terms of availability 120.00
International Standard Book Number 9381588287
020 ## - INTERNATIONAL STANDARD BOOK NUMBER
Terms of availability 120.00
International Standard Book Number 9789381588284
035 ## - SYSTEM CONTROL NUMBER
System control number EN-93547
037 ## - SOURCE OF ACQUISITION
Source of stock number/acquisition DBAD/PUB
082 ## - DEWEY DECIMAL CLASSIFICATION NUMBER
Classification number 153.8
100 ## - MAIN ENTRY--PERSONAL NAME
Personal name Ganguli, Nivedita
245 00 - TITLE STATEMENT
Title Changing perspective :
Statement of responsibility, etc by Nivedita Ganguli
Remainder of title changing life /
260 ## - PUBLICATION, DISTRIBUTION, ETC. (IMPRINT)
Place of publication, distribution, etc New Delhi
Name of publisher, distributor, etc V & S Publishers
Date of publication, distribution, etc 2012
270 ## - ADDRESS
Address F-2/16, Ansari Road, Daryaganj
City New Delhi
Postal code 110002
300 ## - PHYSICAL DESCRIPTION
Extent 106p.
Dimensions 22cm(pbk)
942 ## - ADDED ENTRY ELEMENTS (KOHA)
Source of classification or shelving scheme Dewey Decimal Classification
Item type English Books
Call number suffix GAN
Classification part 153.8
Holdings
Withdrawn status Lost status Not for loan Collection code Home library Current library Date acquired Source of acquisition Cost, normal purchase price Full call number Barcode Copy number Cost, replacement price Koha item type
    Not For Loan Non-fiction D.B.Act.Division D.B.Act.Division 15/05/2014 DBAD/PUB 120.00 153.8 GAN EN-93547 1 120.00 English Books

© Delhi Public Library
Hit Counter
free hit counter